Introducing mass communication (Record no. 571905)

000 -LEADER
fixed length control field 00489nam a22001937a 4500
003 - CONTROL NUMBER IDENTIFIER
control field CEME
005 - DATE AND TIME OF LATEST TRANSACTION
control field 20210628203030.0
008 - FIXED-LENGTH DATA ELEMENTS--GENERAL INFORMATION
fixed length control field 210119b xxu||||| |||| 00| 0 eng d
020 ## - INTERNATIONAL STANDARD BOOK NUMBER
International Standard Book Number 0-07-022773-X
040 ## - CATALOGING SOURCE
Transcribing agency ,
082 ## - DEWEY DECIMAL CLASSIFICATION NUMBER
Classification number 302.23 GAM
100 ## - MAIN ENTRY--PERSONAL NAME
Personal name Gamble, Michael W, Gamble, Teri Kwal
9 (RLIN) 62961
245 ## - TITLE STATEMENT
Title Introducing mass communication
250 ## - EDITION STATEMENT
Edition statement 2ND
260 ## - PUBLICATION, DISTRIBUTION, ETC.
Name of publisher, distributor, etc. MCGRAW HILL
300 ## - PHYSICAL DESCRIPTION
Extent XVI,549 P
650 ## - SUBJECT ADDED ENTRY--TOPICAL TERM
Topical term or geographic name entry element MASS MEDIA.MASS COMMUNICATION
9 (RLIN) 62962
942 ## - ADDED ENTRY ELEMENTS (KOHA)
Koha item type Book
Source of classification or shelving scheme
Holdings
Withdrawn status Lost status Damaged status Not for loan Permanent Location Current Location Shelving location Date acquired Total Checkouts Full call number Barcode Date last seen Price effective from Koha item type
        College of Electrical & Mechanical Engineering (CEME) College of Electrical & Mechanical Engineering (CEME) General Stacks 07/24/2017   302.23 GAM CEME-43402 06/28/2021 06/28/2021 Book
        College of Electrical & Mechanical Engineering (CEME) College of Electrical & Mechanical Engineering (CEME) General Stacks 07/24/2017   302.23 GAM CEME-43403 06/28/2021 06/28/2021 Book
        College of Electrical & Mechanical Engineering (CEME) College of Electrical & Mechanical Engineering (CEME) General Stacks 07/24/2017   302.23 GAM CEME-43404 06/28/2021 06/28/2021 Book
        College of Electrical & Mechanical Engineering (CEME) College of Electrical & Mechanical Engineering (CEME) General Stacks 07/24/2017   302.23 GAM CEME-43405 06/28/2021 06/28/2021 Book
© 2023 Central Library, National University of Sciences and Technology. All Rights Reserved.